01002 a2200217 4500003000500000005001700005040000900022082001000031100003400041245007900075260003800154300001500192505028800207538003100495650001400526651001100540942000800551999001900559952010300578952010300681Nust20170207153157.0 cNust a005.8 aKhan, Kaleemullah (MSIS-2) a Authentication in multi hop wireless mesh networkscKaleemullah Khan  bMCS (NUST)cJan, 2007aRawalpindi aix, 79, p. aIntroduction (page-1) Wireless mesh networks (page-6) Protocol for carrying authentication for network access (page-24) Extensible authentication protocol (page-35) Analysis of eap methods (page-46) Authentication framework for a multi hop mesh network (page-63) Conclusion (page-74) aAlmirah No. 70 Shelf No. 3 aPG Thesis aMSIS-2 cTHS c180796d180796 00102ddc40708NFICaMCSbMCSd2016-12-12l0o005.8 KHApMCSTIS-12r2016-12-08w2016-12-12yBK 00102ddc40708NFICaMCSbMCSd2016-12-12l0o005.8 KHApMCSTIS-72r2016-12-08w2016-12-12yBK